LEADER 01373nam--2200397---450- 001 990003117620203316 005 20080611105443.0 010 $a88-7814-076-7 035 $a000311762 035 $aUSA01000311762 035 $a(ALEPH)000311762USA01 035 $a000311762 100 $a20080611d1990----km-y0itay50------ba 101 $aita 102 $aIT 105 $aa---||||001yy 200 1 $aCastel Bolognese$earcheologia di un centro di nuova fondazione$fSauro Gelichi$gcon un contributo di Valerio Brunetti e un'appendice di Patrizia Farello 210 $aFirenze$cAll'insegna del giglio$d1990 215 $a109 p.$cill.$d24 cm. 225 2 $aQuaderni del Dipartimento di archeologia e storia delle arti, Sezione archeologica, Universitą di Siena$v19 410 0$12001$aQuaderni del Dipartimento di archeologia e storia delle arti, Sezione archeologica, Universitą di Siena 454 1$12001 461 1$1001-------$12001 606 0 $aScavi archeologici$yCastel Bolognese 676 $a945.47 700 1$aGELICHI,$bSauro$0163169 702 1$aBRUNETTI,$bValerio 702 1$aFARELLO,$bPatrizia 801 0$aIT$bsalbc$gISBD 912 $a990003117620203316 951 $aS VII b 38$bDLM$cS VII b 959 $aBK 969 $aDILAM 979 $aDILAM1$b90$c20080611$lUSA01$h1054 996 $aCastel Bolognese$91020551 997 $aUNISA LEADER 01175nam 2200373Ia 450 001 996391341103316 005 20221108032842.0 035 $a(CKB)1000000000657256 035 $a(EEBO)2240893953 035 $a(OCoLC)11906186 035 $a(EXLCZ)991000000000657256 100 $a19850411d1662 uy | 101 0 $aeng 135 $aurbn||||a|bb| 200 12$aA Christian hnd [sic] sober wish for moderation$b[electronic resource] /$fby a true son of the church 210 $aLondon $c[s.n.]$d1662 215 $a[16] p 300 $aReproduction of original in the University of Illinois (Urbana-Champaign Campus). Library. 330 $aeebo-0167 606 $aModeration$vEarly works to 1800 606 $aChurch and state$zGreat Britain 606 $aChurch and state$xChurch of England 615 0$aModeration 615 0$aChurch and state 615 0$aChurch and state$xChurch of England. 700 $aTrue son of the church$01004789 801 0$bEAA 801 1$bEAA 801 2$bm/c 801 2$bWaOLN 906 $aBOOK 912 $a996391341103316 996 $aA Christian hnd sober wish for moderation$92308648 997 $aUNISA LEADER 01628nas 2200565-a 450 001 996200125703316 005 20230215213018.0 035 $a(OCoLC)477203533 035 $a(CKB)1000000000800847 035 $a(CONSER)--2009243802 035 $a(DE-599)ZDB2590698-7 035 $a(EXLCZ)991000000000800847 100 $a20091116a20099999 --- - 101 0 $aeng 135 $aur||||||||||| 181 $ctxt$2rdacontent 182 $cc$2rdamedia 183 $acr$2rdacarrier 200 00$aEpidemiology and health 210 $aSeoul $cKorean Society of Epidemiology$d©2009- 215 $a1 online resource 300 $aRefereed/Peer-reviewed 311 $a2092-7193 517 1 $aEpiH 531 $aEPIDEMIOL HEALTH 531 0 $aEpidemiol. health 606 $aEpidemiology$vPeriodicals 606 $aEpidemiology$xResearch$zKorea (South)$vPeriodicals 606 $aEpidemiology 606 $aEpidemiology$2fast$3(OCoLC)fst00914091 606 $aEpidemiology$xResearch$2fast$3(OCoLC)fst00914102 607 $aKorea 607 $aKorea (South) 607 $aKorea (South)$2fast 608 $aPeriodical. 608 $aFulltext. 608 $aInternet Resources. 608 $aPeriodicals. 608 $aPeriodicals.$2fast 610 $aEpidemiology & Epidemics 615 0$aEpidemiology 615 0$aEpidemiology$xResearch 615 12$aEpidemiology. 615 7$aEpidemiology. 615 7$aEpidemiology$xResearch. 712 02$aHan'guk Y?k Hakhoe. 906 $aJOURNAL 912 $a996200125703316 996 $aEpidemiology and health$92039894 997 $aUNISA